Čtvrtá opice /
Mrazivý americký thriller, v němž chicagský policejní detektiv Sam Porter svádí boj s psychopatem zabíjejícím svoje oběti podle východní legendy o třech opicích.
Uloženo v:
| Série: | Sam Porter,
část 1 |
|---|---|
| Hlavní autor: | |
| Další autoři: | , , |
| Médium: | E-audiokniha |
| Jazyk: | Czech |
| Vydáno: |
Praha :
Voxi,
[2020]
|
| Témata: | |
| Příbuzné jednotky: | Z cyklu::
Sam Porter |
| Tagy: |
Žádné tagy |
| LEADER | 07258nim a2201693 i 4500 | ||
|---|---|---|---|
| 001 | 313110 | ||
| 003 | CZ PrSKC | ||
| 005 | 20260601215735.0 | ||
| 007 | sd fungnnmmned | ||
| 008 | 200728t20202020xr nnnng f n cze | ||
| 015 | |a cnb003240069 | ||
| 024 | 3 | |a 8594050429758 | |
| 040 | |a ABA001 |b cze |e rda | ||
| 041 | 1 | |d cze |h eng | |
| 072 | 7 | |a 821.111(73)-3 |x Americká próza |2 Konspekt | |
| 080 | |a 821.111(73)-31 |2 MRF | ||
| 080 | |a (0:82-312.4) |2 MRF | ||
| 080 | |a (086.7)08 |2 MRF | ||
| 080 | |a (086.76) |2 MRF | ||
| 100 | 1 | |a Barker, J. D. |q (Jonathan Dylan), |d 1971- |7 xx0228942 |4 aut | |
| 240 | 1 | 0 | |a Fourth monkey. |l Česky |
| 245 | 1 | 0 | |a Čtvrtá opice / |c J. D. Barker ; z anglického originálu The fourth monkey přeložil Jan Netolička |
| 264 | 1 | |a Praha : |b Voxi, |c [2020] | |
| 264 | 4 | |c ©2020 | |
| 300 | |a 1 audiodisk (14 hod., 28 min.) ; |c 12 cm | ||
| 306 | |a 142800 | ||
| 336 | |a mluvené slovo |b spw |2 rdacontent | ||
| 337 | |a audio |b s |2 rdamedia | ||
| 338 | |a audiodisk |b sd |2 rdacarrier | ||
| 344 | |a digital |b optical |2 rda | ||
| 347 | |a audio soubor |b MP3 |2 rda | ||
| 500 | |a Název z disku | ||
| 500 | |a Copyright Albatros Media | ||
| 500 | |a Nezkrácená audiokniha ve formátu mp3 | ||
| 500 | |a Podle stejnojmenné knihy vydané nakladatelstvím Domino v roce 2018 | ||
| 500 | |a "Mezinárodní bestseller"--Pouzdro | ||
| 511 | 0 | |a Čtou Vasil Fridrich a Kajetán Písařovic | |
| 520 | 2 | |a Mrazivý americký thriller, v němž chicagský policejní detektiv Sam Porter svádí boj s psychopatem zabíjejícím svoje oběti podle východní legendy o třech opicích. |b Je perfekcionista, je neuchopitelný, je psychopat. Přezdívá se mu Opičí vrah. Detektiv Sam Porter ho pronásleduje dlouhých pět let a po celou dobu od něj dostává balíčky s děsivým obsahem. Každá doručená zásilka obsahuje část těla zavražděné oběti. Teď ale došlo k významnému zvratu v pátrání: Porterovi se dostal do ruky vrahův deník. Podaří se mu z šílencových zápisků blíže poznat jeho osobnost? Dokáže rozklíčovat motivy jeho jednání? Pokud uspěje, mohl by najít příští Opičákovu oběť dřív, než bude pozdě. Nakladatelská anotace. | |
| 655 | 7 | |a americké romány |7 fd131796 |2 czenas | |
| 655 | 7 | |a thrillery (romány) |7 fd184206 |2 czenas | |
| 655 | 7 | |a audioknihy |7 fd119452 |2 czenas | |
| 655 | 7 | |a kompaktní disky |7 fd201991 |2 czenas | |
| 700 | 1 | |a Netolička, Jan |7 xx0036671 |4 trl | |
| 700 | 1 | |a Fridrich, Vasil, |d 1976- |7 xx0064341 |4 nrt | |
| 700 | 1 | |a Písařovic, Kajetán, |d 1982- |7 xx0126731 |4 nrt | |
| 787 | 0 | 8 | |i Z cyklu: |t Sam Porter |g 1 |
| 900 | |a ABA001 |b 19 | ||
| 044 | |a xr | ||
| 505 | 0 | 0 | |t Kapitola-1 (6 min., 25 sek.) |
| 505 | 0 | 0 | |t Kapitola-2 (10 min., 7 sek.) |
| 505 | 0 | 0 | |t Kapitola-3 (6 min., 37 sek.) |
| 505 | 0 | 0 | |t Kapitola-4 (11 min., 33 sek.) |
| 505 | 0 | 0 | |t Kapitola-5 (5 min., 32 sek.) |
| 505 | 0 | 0 | |t Kapitola-6 (9 min., 35 sek.) |
| 505 | 0 | 0 | |t Kapitola-7 (7 min., 23 sek.) |
| 505 | 0 | 0 | |t Kapitola-8 (3 min., 37 sek.) |
| 505 | 0 | 0 | |t Kapitola-9 (20 min., 41 sek.) |
| 505 | 0 | 0 | |t Kapitola-10 (3 min., 23 sek.) |
| 505 | 0 | 0 | |t Kapitola-11 (15 min., 7 sek.) |
| 505 | 0 | 0 | |t Kapitola-12 (8 min., 25 sek.) |
| 505 | 0 | 0 | |t Kapitola-13 (16 min., 58 sek.) |
| 505 | 0 | 0 | |t Kapitola-14 (7 min., 12 sek.) |
| 505 | 0 | 0 | |t Kapitola-15 (13 min., 45 sek.) |
| 505 | 0 | 0 | |t Kapitola-16 (8 min., 29 sek.) |
| 505 | 0 | 0 | |t Kapitola-17 (14 min., 41 sek.) |
| 505 | 0 | 0 | |t Kapitola-18 (39 min., 36 sek.) |
| 505 | 0 | 0 | |t Kapitola-19 (8 min., 55 sek.) |
| 505 | 0 | 0 | |t Kapitola-20 (10 min., 34 sek.) |
| 505 | 0 | 0 | |t Kapitola-21 (6 min., 34 sek.) |
| 505 | 0 | 0 | |t Kapitola-22 (7 min., 23 sek.) |
| 505 | 0 | 0 | |t Kapitola-23 (5 min., 31 sek.) |
| 505 | 0 | 0 | |t Kapitola-24 (6 min., 24 sek.) |
| 505 | 0 | 0 | |t Kapitola-25 (3 min., 45 sek.) |
| 505 | 0 | 0 | |t Kapitola-26 (7 min., 7 sek.) |
| 505 | 0 | 0 | |t Kapitola-27 (4 min., 33 sek.) |
| 505 | 0 | 0 | |t Kapitola-28 (17 min., 4 sek.) |
| 505 | 0 | 0 | |t Kapitola-29 (13 min., 43 sek.) |
| 505 | 0 | 0 | |t Kapitola-30 (5 min., 29 sek.) |
| 505 | 0 | 0 | |t Kapitola-31 (13 min., 18 sek.) |
| 505 | 0 | 0 | |t Kapitola-32 (17 min., 57 sek.) |
| 505 | 0 | 0 | |t Kapitola-33 (23 min., 54 sek.) |
| 505 | 0 | 0 | |t Kapitola-34 (22 min., 25 sek.) |
| 505 | 0 | 0 | |t Kapitola-35 (2 min., 58 sek.) |
| 505 | 0 | 0 | |t Kapitola-36 (11 min., 29 sek.) |
| 505 | 0 | 0 | |t Kapitola-37 (6 min., 17 sek.) |
| 505 | 0 | 0 | |t Kapitola-38 (11 min., 16 sek.) |
| 505 | 0 | 0 | |t Kapitola-39 (5 min., 32 sek.) |
| 505 | 0 | 0 | |t Kapitola-40 (6 min., 36 sek.) |
| 505 | 0 | 0 | |t Kapitola-41 (17 min., 6 sek.) |
| 505 | 0 | 0 | |t Kapitola-42 (5 min., 40 sek.) |
| 505 | 0 | 0 | |t Kapitola-43 (14 min., 17 sek.) |
| 505 | 0 | 0 | |t Kapitola-44 (15 min., 4 sek.) |
| 505 | 0 | 0 | |t Kapitola-45 (5 min., 26 sek.) |
| 505 | 0 | 0 | |t Kapitola-46 (11 min., 2 sek.) |
| 505 | 0 | 0 | |t Kapitola-47 (26 min., 20 sek.) |
| 505 | 0 | 0 | |t Kapitola-48 (5 min., 30 sek.) |
| 505 | 0 | 0 | |t Kapitola-49 (9 min., 26 sek.) |
| 505 | 0 | 0 | |t Kapitola-50 (11 min., 26 sek.) |
| 505 | 0 | 0 | |t Kapitola-51 (16 min., 26 sek.) |
| 505 | 0 | 0 | |t Kapitola-52 (21 min., 49 sek.) |
| 505 | 0 | 0 | |t Kapitola-53 (3 min., 9 sek.) |
| 505 | 0 | 0 | |t Kapitola-54 (11 min., 31 sek.) |
| 505 | 0 | 0 | |t Kapitola-55 (7 min., 40 sek.) |
| 505 | 0 | 0 | |t Kapitola-56 (17 min., 15 sek.) |
| 505 | 0 | 0 | |t Kapitola-57 (8 min., 53 sek.) |
| 505 | 0 | 0 | |t Kapitola-58 (6 min., 55 sek.) |
| 505 | 0 | 0 | |t Kapitola-59 (7 min., 56 sek.) |
| 505 | 0 | 0 | |t Kapitola-60 (5 min., 10 sek.) |
| 505 | 0 | 0 | |t Kapitola-61 (10 min., 16 sek.) |
| 505 | 0 | 0 | |t Kapitola-62 (6 min., 38 sek.) |
| 505 | 0 | 0 | |t Kapitola-63 (17 min., 30 sek.) |
| 505 | 0 | 0 | |t Kapitola-64 (7 min., 59 sek.) |
| 505 | 0 | 0 | |t Kapitola-65 (8 min., 56 sek.) |
| 505 | 0 | 0 | |t Kapitola-66 (8 min., 46 sek.) |
| 505 | 0 | 0 | |t Kapitola-67 (3 min., 9 sek.) |
| 505 | 0 | 0 | |t Kapitola-68 (4 min., 42 sek.) |
| 505 | 0 | 0 | |t Kapitola-69 (3 min., 9 sek.) |
| 505 | 0 | 0 | |t Kapitola-70 (2 min., 20 sek.) |
| 505 | 0 | 0 | |t Kapitola-71 (3 min., 49 sek.) |
| 505 | 0 | 0 | |t Kapitola-72 (1 min., 55 sek.) |
| 505 | 0 | 0 | |t Kapitola-73 (9 min., 3 sek.) |
| 505 | 0 | 0 | |t Kapitola-74 (6 min., 56 sek.) |
| 505 | 0 | 0 | |t Kapitola-75 (10 min., 45 sek.) |
| 505 | 0 | 0 | |t Kapitola-76 (3 min., 39 sek.) |
| 505 | 0 | 0 | |t Kapitola-77 (8 min., 10 sek.) |
| 505 | 0 | 0 | |t Kapitola-78 (3 min., 4 sek.) |
| 505 | 0 | 0 | |t Kapitola-79 (5 min., 8 sek.) |
| 505 | 0 | 0 | |t Kapitola-80 (4 min., 9 sek.) |
| 505 | 0 | 0 | |t Kapitola-81 (4 min., 39 sek.) |
| 505 | 0 | 0 | |t Kapitola-82 (3 min., 31 sek.) |
| 505 | 0 | 0 | |t Kapitola-83 (4 min., 4 sek.) |
| 505 | 0 | 0 | |t Kapitola-84 (2 min., 58 sek.) |
| 505 | 0 | 0 | |t Kapitola-85 (2 min., 52 sek.) |
| 505 | 0 | 0 | |t Kapitola-86 (2 min., 57 sek.) |
| 505 | 0 | 0 | |t Kapitola-87 (2 min., 43 sek.) |
| 505 | 0 | 0 | |t Kapitola-88 (15 min., 32 sek.) |
| 505 | 0 | 0 | |t Kapitola-89 (4 min., 54 sek.) |
| 505 | 0 | 0 | |t Kapitola-90 (17 min., 28 sek.) |
| 505 | 0 | 0 | |t Kapitola-91 (3 min., 17 sek.) |
| 505 | 0 | 0 | |t Kapitola-92 (8 min., 13 sek.) |
| 505 | 0 | 0 | |t Epilog (8 min., 57 sek.) |
| 910 | |a RBIT002 | ||
| 998 | |d 357261 |a https://core.palmknihy.cz/api/books/357261/cover?sgs2t9 |b https://core.palmknihy.cz/api/books/357261/cover/400?sgs2t9 |c https://core.palmknihy.cz/api/books/357261/cover/50?sgs2t9 |e 2029-06-10 |i 8594050429758 |l 52080 |q 49 |r 1 |s https://www.palmknihy.cz/kniha/357261 |t audiobook |y 2020 |z 0 | ||
| 999 | |d 313108 | ||